|
|
|
|
| LEADER |
00000nam0a2200000 4500 |
| 001 |
327874 |
| 005 |
20231102004013.0 |
| 035 |
|
|
|a (RuTPU)RU\TPU\book\353561
|
| 090 |
|
|
|a 327874
|
| 100 |
|
|
|a 20170207d1965 k y0rusy50 ca
|
| 101 |
0 |
|
|a rus
|
| 102 |
|
|
|a UA
|
| 105 |
|
|
|a a z 101zy
|
| 200 |
1 |
|
|a Ингибиторы кислотной коррозии
|e материалы Первой республиканской конференции по ингибиторам кислотной коррозии
|f Институт технической информации ; отв. за вып. В. П. Матвеева
|
| 210 |
|
|
|a Киев
|c [Б. и.]
|d 1965
|
| 215 |
|
|
|a 145 с.
|c ил.
|
| 320 |
|
|
|a Библиогр. в конце докл.
|
| 606 |
1 |
|
|a Промышленное оборудование
|x Защита от коррозии
|2 stltpush
|3 (RuTPU)RU\TPU\subj\52257
|9 70743
|
| 610 |
1 |
|
|a ингибиторы
|
| 610 |
1 |
|
|a кислотная коррозия
|
| 610 |
1 |
|
|a металлы
|
| 610 |
1 |
|
|a ртуть
|
| 610 |
1 |
|
|a цинк
|
| 610 |
1 |
|
|a соляная кислота
|
| 610 |
1 |
|
|a железо
|
| 610 |
1 |
|
|a хлор
|
| 610 |
1 |
|
|a фтор
|
| 610 |
1 |
|
|a ультразвук
|
| 610 |
1 |
|
|a доклады
|
| 610 |
1 |
|
|a конференции
|
| 675 |
|
|
|a 620.197(063)
|v 4
|
| 702 |
|
1 |
|a Матвеева
|b В. П.
|4 540
|
| 712 |
0 |
2 |
|a Институт технической информации
|c (Киев)
|c (1958-1966)
|2 stltpush
|3 (RuTPU)RU\TPU\col\8805
|9 24601
|
| 712 |
1 |
2 |
|a Ингибиторы кислотной коррозии
|c конференции
|d 1
|e Киев
|f 1965
|4 570
|
| 801 |
|
1 |
|a RU
|b 63413507
|c 20170207
|
| 801 |
|
2 |
|a RU
|b 63413507
|c 20220411
|g RCR
|
| 942 |
|
|
|c BK
|